| 000 | 00457nam a2200157Ia 4500 | ||
|---|---|---|---|
| 008 | 200103s9999||||xx |||||||||||||| ||und|| | ||
| 020 | _a1856090817 | ||
| 040 | _aIMU-MPC | ||
| 082 | _aColumn-6 | ||
| 100 | _aInternational Chamber of Shipping and OCIMF | ||
| 245 | 0 | _aISGOTT International safety guide for oil tankers and terminals | |
| 250 | _a4th ed. | ||
| 260 |
_bInternational Chamber of Shipping and OCIMF _c1996 |
||
| 300 | _axxii, 285 | ||
| 942 | _cBK | ||
| 999 |
_c3636 _d3636 |
||